Breve historia de los colores (Registro nro. 182485)

Detalles MARC
000 -ENCABEZADO
Número de control [NR] 00812 a2200253 4500
005 - FECHA Y HORA DE LA ÚLTIMA TRANSACCIÓN
control field 20180312144703.0
008 - DE LONGITUD FIJA DE DATOS DE ELEMENTOS - INFORMACIÓN GENERAL
Elementos de longitud fija [NR] 131204s2006 sp frn 00| 0 spa d
020 ## - NUMERO INTERNACIONAL NORMALIZADO PARA LIBROS [R]
Número Internacional Normalizado del libro [NR] 8449319471
020 ## - NUMERO INTERNACIONAL NORMALIZADO PARA LIBROS [R]
Número Internacional Normalizado del libro [NR] 9788449319471
040 ## - FUENTE DE CATALOGACION [NR]
Agencia de catalogación original [NR] Co-BoUCM
Idioma de catalogación [NR] spa
Quien Cataloga
Quien Clasifica Aldemar Mondragón
041 00 - CODIGO DE IDIOMA [R]
Código de idioma para texto/pista de sonido o título separado [R] Español
100 1# - ASIENTO PRINCIPAL--NOMBRE PERSONAL [NR]
Nombre personal [NR] Pastoureau, Michel
ID Autoridad 52159
245 10 - MENCION DE TITULO [NR]
Título [NR] Breve historia de los colores
Mención de responsabilidad, etc. [NR] Michel Pastoureau, Dominique Simonnet
260 ## - PUBLICACION, DISTRIBUCION, ETC. (PIE DE IMPRENTA) [R]
Lugar de publicación, distribución, etc. [R] Barcelona
Fecha de publicación, distribución, etc. [R] 2006
Nombre del editor, distribuidor, etc. [R] Paidós
300 ## - DESCRIPCION FISICA [R]
Extensión [R] 125 paginas
650 #7 - ASIENTO SECUNDARIO DE MATERIA - TERMINO TEMATICO [R]
Término temático o nombre geográfico como elemento de entrada [NR] Color
Subdivisión general [R] Historia
9 (RLIN) 52710
650 #7 - ASIENTO SECUNDARIO DE MATERIA - TERMINO TEMATICO [R]
Término temático o nombre geográfico como elemento de entrada [NR] Color
Subdivisión general [R] Psicología
9 (RLIN) 52711
650 #7 - ASIENTO SECUNDARIO DE MATERIA - TERMINO TEMATICO [R]
Término temático o nombre geográfico como elemento de entrada [NR] Sentidos
9 (RLIN) 24209
690 ## - ASUNTO AGREGADO LOCAL DE ENTRADA - TÉRMINO TEMÁTICO (OCLC, RLIN)
9 (RLIN) 42902
Acceso temático local Psicología
700 ## - ASIENTO SECUNDARIO - NOMBRE PERSONAL [R]
Nombre personal [NR] Simonnet, Dominique
9 (RLIN) 52160
765 ## - ASIENTO DE IDIOMA ORIGINAL [R]
Título [NR] Le petit livre des couleurs
942 ## - ELEMENTOS DE ENTRADA AGREGADOS (KOHA)
Tema principal Psicología
Tipo de ítem principal el descrito en 300a Libro
Edición 1
Parte restante de la signatura top. P293b
Sistema de clasificación DEWEY
Clasificación 152.4
Título oculto en OPAC No
Existencias
Fecha de último préstamo Total préstamos Total Renewals Signatura topográfica Código de barras Última vez visto Ejemplar Costo de reposición Price effective from Tipo de ítem Nota pública (OPAC) Perdido Sistema de clasificación Dañado No prestable Tipo de ítem específico Suprimido Ubicación habitual Ubicación actual Localización Fecha de creación Proveedor Forma de adquisición Costo
02/09/2025 9 18 152.4 P293b 100139065 11/12/2025 Ej.1 80035.00 15/11/2013 Libro Spot Psicología & Psiquiatría   DEWEY     Libro   Quinta de Mutis Quinta de Mutis 3er piso 15/11/2013 37 Compra 80035.00